000 00869nmm a2200253 a 4500
001 ocm000701256
003 TR-IsHL
005 20201028125446.0
008 110704s1977 tu tur
007 cr cn
035 _a701256
_b(N$T)
050 0 4 _aHF328.T9
_bK53 1977
090 0 4 _aHF328.T9
_bK53 1977
245 1 0 _aKıdem tazminatı fonu kanun tasarısı hakkında görüşlerimiz
_h[electronic resource]
250 _a1. bs.
260 _aİstanbul :
_bİstanbul Ticaret Odası,
_c1977
300 _a15 p.
650 4 _aHukuk
650 4 _aLaw
650 0 _aİstanbul Ticaret Odası
_x Ekonomik görüşleri
650 0 _aIstanbul Chamber of Commerce
_x Economic views
650 7 _aBUSINESS & ECONOMICS / Corporate & Business History
_2bisacsh
856 4 0 _uhttp://search.ebscohost.com/login.aspx?direct=true&scope=site&db=e011xww&AN=701256
999 _c3491
_d3491